Introduction to education (Record no. 1323831)

MARC details
000 -LEADER
fixed length control field 00591nam a2200205Ia 4500
005 - DATE AND TIME OF LATEST TRANSACTION
control field 20250508150457.0
008 - FIXED-LENGTH DATA ELEMENTS--GENERAL INFORMATION
fixed length control field 008 250505s9999 xx 000 0 eng d
037 ## - SOURCE OF ACQUISITION
Stock number Reference
040 ## - CATALOGING SOURCE
Original cataloging agency FEDL
Language of cataloging eng
Transcribing agency FEDL
041 ## - LANGUAGE CODE
Language code of text/sound track or separate title eng
Source of code eng
084 ## - COLON CLASSIFICATION NUMBER
Classification number 370.973, FRA
Assigning agency FEDL
100 ## - MAIN ENTRY--PERSONAL NAME
Personal name Frasier George Willard
9 (RLIN) 756775
245 #0 - TITLE STATEMENT
Title Introduction to education
250 ## - EDITION STATEMENT
Edition statement 3
260 ## - PUBLICATION, DISTRIBUTION, ETC.
Place of publication, distribution, etc. Chicago
Name of publisher, distributor, etc. Scott, Foresman and Company USA
Date of publication, distribution, etc. 1933
300 ## - PHYSICAL DESCRIPTION
Extent xiii,422p
700 ## - ADDED ENTRY--PERSONAL NAME
Personal name Armentrout Winfield Dockery
9 (RLIN) 756776
942 ## - ADDED ENTRY ELEMENTS (KOHA)
Koha item type Reference
Classification part 370.973, FRA
Holdings
Withdrawn status Lost status Damaged status Not for loan Home library Current library Date acquired Total Checkouts Full call number Barcode Date last seen Price effective from Koha item type
        Department of Education Library Department of Education Library 2025-05-08   370.973, FRA EL0002909 2025-05-08 2025-05-08 Reference
Copyright @ Delhi University Library System